Catálogo
 En Linea

Radiografía de un sueño logrado / (Registro nro. 50584)

Detalles MARC
000 -CABECERA
campo de control de longitud fija 00651nam a22002177a 4500
003 - IDENTIFICADOR DEL NÚMERO DE CONTROL
campo de control DO-SdBNP
005 - FECHA Y HORA DE LA ÚLTIMA TRANSACCIÓN
campo de control 20210920154906.0
007 - CAMPO FIJO DE DESCRIPCIÓN FÍSICA--INFORMACIÓN GENERAL
campo de control de longitud fija ta
008 - DATOS DE LONGITUD FIJA--INFORMACIÓN GENERAL
campo de control de longitud fija 210920b2018 ao||e |||| 001 easpa d
020 ## - NÚMERO INTERNACIONAL ESTÁNDAR DEL LIBRO
Número Internacional Estándar del Libro 9789945803082
040 ## - FUENTE DE LA CATALOGACIÓN
Centro catalogador/agencia de origen DO-SdBNP
Lengua de catalogación spa
Centro/agencia transcriptor BNPHU
082 ## - NÚMERO DE LA CLASIFICACIÓN DECIMAL DEWEY
Número de edición 22
Número de documento/Ítem G993r
Número de clasificación 610.927293
110 1# - ENTRADA PRINCIPAL--NOMBRE DE ENTIDAD CORPORATIVA
Nombre de entidad corporativa o nombre de jurisdicción como elemento de entrada Guzmán, M.D., Eliscer
9 (RLIN) 79963
245 1# - MENCIÓN DE TÍTULO
Título Radiografía de un sueño logrado /
Mención de responsabilidad, etc. Eliscer Guzmán, M.D,
260 ## - PUBLICACIÓN, DISTRIBUCIÓN, ETC.
Lugar de publicación, distribución, etc. Santo Domingo :
Nombre del editor, distribuidor, etc. Búho,
Fecha de publicación, distribución, etc. 2018.
300 ## - DESCRIPCIÓN FÍSICA
Extensión 254 p. :
Otras características físicas il.; fot.
Dimensiones 23 cm
500 ## - NOTA GENERAL
Nota general "New YorK, Estados Unidos de América. Invierno 2018"
590 ## - NOTA LOCAL (RLIN)
Nota local Inventariado, 2021 / SA
910 ## - DATOS DE OPCIÓN DEL USUARIO (OCLC)
Datos de opción del usuario Saquino
942 ## - ELEMENTOS DE PUNTO DE ACCESO ADICIONAL (KOHA)
Fuente del sistema de clasificación o colocación Dewey Decimal Classification
Tipo de ítem Koha Libro
Existencias
Estado de retiro Estado de pérdida Fuente del sistema de clasificación o colocación Restricciones de uso No para préstamo Código de colección Localización permanente Ubicación/localización actual Ubicación en estantería Fecha de adquisición Fuente de adquisición Total de préstamos Signatura topográfica completa Código de barras Fecha visto por última vez Precio válido a partir de Tipo de ítem Koha Nota pública Número de copia
    Dewey Decimal Classification   Préstamo en sala Monografías: Libros y Folletos Biblioteca Nacional Pedro Henríquez Ureña Dominicana En catalogación 29.06.2018 Donado   BNPHU DS 610.927293 G993r 2021-26827 20.09.2021 20.09.2021 Libro S/A e.3
    Dewey Decimal Classification Excluido de préstamo   Monografías: Libros y Folletos Biblioteca Nacional Pedro Henríquez Ureña Patrimonio Dominicano En catalogación 29.07.2018 Donado   BNPHU PD 610.927293 G993r 2021-26825 20.09.2021 20.09.2021 Libro S/A  
    Dewey Decimal Classification Excluido de préstamo   Monografías: Libros y Folletos Biblioteca Nacional Pedro Henríquez Ureña Patrimonio Dominicano En catalogación 29.06.2018 Donado   BNPHU PD 610.927293 G993r 2021-26826 20.09.2021 20.09.2021 Libro S/A e.2

Con tecnología Koha